01406nam a2200349 a 4500001001000000003000500010005001700015008004100032010001100073011001100084040000900095090001000104100003700114245012000151260004100271500006000312502006100372590004100433590004100474590004000515590004000555590004000595650003000635650003600665856007000701901000700771942001000778942000600788999001900794952012400813952011900937000109286CHAP20220329144045.0140415s2013 mx sm |||||||spa d a105748 a106720 cCHAP aTesis1 aJiménez Roque, Ernesto912663110aEfecto de poda en el rendimiento de la higuerilla (Ricinus communis L.)h[En línea]cpor Ernesto Jiménez Roque. aChapingo, Méx. :bEl autor,c2013. aPara ver el contenido del material haga clic en la liga aTesis (Ing. Agr. Esp. en Fitotecnia) -- UACH. Fitotecnia aBATCH-UPDb05c20141002lUCH01h0901 aE11695DGDb10c20141013lUCH01h1338 aE5765TAJb05c20140415lUCH01h1247 aE5765TAJb05c20140415lUCH01h1247 aE5765TAJb05c20140421lUCH01h084614aHiguerillaxPoda.912644814aHiguerillaxRendimiento.955369 aFinding aiduhttp://10.13.5.2/tesis/sist109286.pdfzTeclea aquí aBK cTESIS n0 c105748d105748 00102local40718TESISaBCbBCd2014-04-15fTESISl0oTesisp33724002381686r2019-12-31 00:00:00tc.2w2014-04-15yCD 00102local40718TESISaBCbBCd2014-04-15fTESISl0oTesisp33724002381728r2019-12-31 00:00:00w2014-04-15yCD